| 000 -LEADER |
| fixed length control field |
00691nam a22001817a 4500 |
| 005 - DATE AND TIME OF LATEST TRANSACTION |
| control field |
20231019155655.0 |
| 008 - FIXED-LENGTH DATA ELEMENTS--GENERAL INFORMATION |
| fixed length control field |
231019s1989 ru ||||| |||| 00| 0 rus d |
| 041 ## - LANGUAGE CODE |
| Language code of text/sound track or separate title |
rus |
| 080 ## - UNIVERSAL DECIMAL CLASSIFICATION NUMBER |
| Universal Decimal Classification number |
552.1 Л-33 |
| 100 ## - MAIN ENTRY--PERSONAL NAME |
| Personal name |
Лебединский, В.И. |
| 9 (RLIN) |
20136 |
| 245 ## - TITLE STATEMENT |
| Title |
Книга о камне / |
| Statement of responsibility, etc. |
В.И. Лебединский, Л.П. Кириченко. |
| 264 ## - PRODUCTION, PUBLICATION, DISTRIBUTION, MANUFACTURE, AND COPYRIGHT NOTICE |
| Place of production, publication, distribution, manufacture |
М.: |
| Name of producer, publisher, distributor, manufacturer |
Недра, |
| Date of production, publication, distribution, manufacture, or copyright notice |
1989. |
| 300 ## - PHYSICAL DESCRIPTION |
| Extent |
192 стр.: |
| Other physical details |
ил.; |
| Dimensions |
20 см. |
| 440 ## - SERIES STATEMENT/ADDED ENTRY--TITLE |
| Title |
Научно-популярная библиотека школьника |
| 9 (RLIN) |
20137 |
| 653 ## - INDEX TERM--UNCONTROLLED |
| keyword |
წიგნი ქვის შესახებ |
| 700 ## - ADDED ENTRY--PERSONAL NAME |
| Personal name |
Кириченко, Л.П. |
| Relator term |
ავტორი |
| 9 (RLIN) |
20138 |
| 942 ## - ADDED ENTRY ELEMENTS (KOHA) |
| Source of classification or shelving scheme |
|
| Koha item type |
შერეული მასალები |